| 000 | 01533nam a2200385 c 4500 | ||
|---|---|---|---|
| 005 | 20220317001517.0 | ||
| 007 | ta | ||
| 008 | 210722r20152016ck er 000 fdspa d | ||
| 020 | _a9789588925509 | ||
| 040 |
_aCO-BoRNBP _bspa _erda _cCO-BoRNBP |
||
| 041 | 1 |
_aspa _hfr |
|
| 084 | _aN FLA2 | ||
| 100 | 1 |
_aFlaubert, Gustave _d1821-1880 _eautor |
|
| 245 | 1 | 3 |
_aLa educación sentimental _cGustave Flaubert ; introducción de Pierre-Marc de Biasi ; traducción de Hermenegildo Giner de los Ríos |
| 250 |
_aPrimera edición _bPrimera reimpresión |
||
| 264 | 1 |
_aBogotá _bPenguin Random House _c2015 _c2016 |
|
| 300 |
_a546 páginas _c19 cm |
||
| 336 |
_atexto _btxt _2rdacontent |
||
| 337 |
_asin mediación _bn _2rdamedia |
||
| 338 |
_avolumen _bnc _2rdacarrier |
||
| 490 | _aPenguin clásicos | ||
| 500 | _aIncluye cronología de la obra y de la redacción | ||
| 521 | _aRecomendado para un público adulto | ||
| 534 | _tL'Éducation sentimentale | ||
| 545 | _aIncluye datos del autor, prologuista y traductor al inicio del texto | ||
| 600 | 1 | 4 |
_aFlaubert, Gustave _d1821-1880 _xCrítica e interpretación _9187798 |
| 650 | 1 | 7 |
_aNovela francesa _ySiglo XIX _2LEMB |
| 650 | 1 | 7 |
_aLiteratura francesa _ySiglo XIX _2LEMB |
| 650 | 1 | 7 |
_aAmor _vNovela _2LEMB |
| 650 | 1 | 7 |
_aNovela psicológica _ySiglo XIX _2LEMB |
| 651 | 4 |
_aParís _xVida social y costumbres _ySiglo XIX _vNovela _9187801 |
|
| 700 | 1 |
_aDe Biasi, Pierre-Marc _d1950- _eprologuista _9187802 |
|
| 700 | 1 |
_aGiner de los Ríos, Hermenegildo _etraductor _963509 |
|
| 942 |
_2loc _cBKLIT |
||
| 999 |
_c7203 _d7203 |
||